| 000 -LEADER |
| fixed length control field |
01362nam a22002657a 4500 |
| 005 - DATE AND TIME OF LATEST TRANSACTION |
| control field |
20221108164743.0 |
| 008 - FIXED-LENGTH DATA ELEMENTS--GENERAL INFORMATION |
| fixed length control field |
210617s2017 enk||||| |||| 00| 0 eng d |
| 020 ## - INTERNATIONAL STANDARD BOOK NUMBER |
| International Standard Book Number |
9789463008228 X |
| 041 ## - LANGUAGE CODE |
| Language code of text/sound track or separate title |
eng |
| 080 ## - UNIVERSAL DECIMAL CLASSIFICATION NUMBER |
| Universal Decimal Classification number |
376-056.2 Sh-53 |
| 100 ## - MAIN ENTRY--PERSONAL NAME |
| Personal name |
Shepherd, Katharine G. |
| 9 (RLIN) |
12067 |
| 245 ## - TITLE STATEMENT |
| Title |
The Art of Collaboration : |
| Remainder of title |
Lessons from Families of Children with Disabilities / |
| Statement of responsibility, etc. |
Katharine G. Shepherd, Colby T. Kervick, Djenne-amal N. Morris; Editors Mel Ainscov, Felicity Armstrong. |
| 264 ## - PRODUCTION, PUBLICATION, DISTRIBUTION, MANUFACTURE, AND COPYRIGHT NOTICE |
| Place of production, publication, distribution, manufacture |
Roterdam : |
| Name of producer, publisher, distributor, manufacturer |
Sense Publishers, |
| Date of production, publication, distribution, manufacture, or copyright notice |
2017. |
| 300 ## - PHYSICAL DESCRIPTION |
| Extent |
190 p. |
| Other physical details |
24 cm. |
| 440 ## - SERIES STATEMENT/ADDED ENTRY--TITLE |
| Title |
Studies in inclusive education, |
| Volume/sequential designation |
Volume 32 |
| 9 (RLIN) |
12072 |
| 653 ## - INDEX TERM--UNCONTROLLED |
| keyword |
თანამშრომლობის ხელოვნება |
| 653 ## - INDEX TERM--UNCONTROLLED |
| keyword |
გაკვეთილები შეზღუდული შესაძლებლობის მქონე ბავშვების ოჯახებიდან |
| 653 ## - INDEX TERM--UNCONTROLLED |
| keyword |
Искусство сотрудничества |
| 653 ## - INDEX TERM--UNCONTROLLED |
| keyword |
уроки семей детей с ограниченными возможностями |
| 700 ## - ADDED ENTRY--PERSONAL NAME |
| Personal name |
Colby T. Kervick |
| Relator term |
ავტორი |
| 9 (RLIN) |
12068 |
| 700 ## - ADDED ENTRY--PERSONAL NAME |
| Personal name |
Djenne-amal N. Morris |
| Relator term |
ავტორი |
| 9 (RLIN) |
12069 |
| 700 ## - ADDED ENTRY--PERSONAL NAME |
| Personal name |
Ainscov, Mel |
| Relator term |
რედაქტორი |
| 9 (RLIN) |
12070 |
| 700 ## - ADDED ENTRY--PERSONAL NAME |
| Personal name |
Armstrong, Felicy |
| Relator term |
რედაქტორი |
| 9 (RLIN) |
12071 |
| 942 ## - ADDED ENTRY ELEMENTS (KOHA) |
| Source of classification or shelving scheme |
|
| Koha item type |
წიგნი |